El poder dual en América Latina (Record no. 130712)

MARC details
000 -LEADER
campo de control de longitud fija 00866nam a2200253 i 4500
001 - NÚMERO DE CONTROL
campo de control 130712
003 - IDENTIFICADOR DE NÚMERO DE CONTROL
campo de control ES-MaACL
005 - FECHA Y HORA DE LA ÚLTIMA TRANSACCIÓN
campo de control 20230906193822.0
007 - CAMPO FIJO DE DESCRIPCIÓN FÍSICA--INFORMACIÓN GENERAL
campo de control de longitud fija t|
008 - DATOS DE LONGITUD FIJA--INFORMACIÓN GENERAL
campo de control de longitud fija 070806s1974 mx |||| | spa d
080 ## - NÚMERO DE LA CLASIFICACIÓN DECIMAL UNIVERSAL
Número de la Clasificación Decimal Universal 32(8)"19"
100 1# - ENTRADA PRINCIPAL--NOMBRE DE PERSONA
Nombre de persona Zavaleta Mercado, René.
9 (RLIN) 118110
245 13 - MENCIÓN DEL TÍTULO
Título El poder dual en América Latina
Resto del título : con un prefacio sobre los acontecimientos chilenos /
Mención de responsabilidad, etc. por René Zavaleta Mercado.
250 ## - MENCION DE EDICION
Mención de edición 1ª ed.
260 ## - PUBLICACIÓN, DISTRIBUCIÓN, ETC.
Lugar de publicación, distribución, etc. México :
Nombre del editor, distribuidor, etc. Siglo Veintiuno,
Fecha de publicación, distribución, etc. 1974.
300 ## - DESCRIPCIÓN FÍSICA
Extensión 270 p. ;
Dimensiones 15 cm.
490 1# - MENCIÓN DE SERIE
Mención de serie Colección mínima ;
Designación de volumen o secuencia 65
651 #4 - PUNTO DE ACCESO ADICIONAL DE MATERIA--NOMBRE GEOGRÁFICO
Nombre geográfico Bolivia-
Subdivisión general Política y gobierno-
Subdivisión cronológica 1952-1982.
9 (RLIN) 149160
651 #4 - PUNTO DE ACCESO ADICIONAL DE MATERIA--NOMBRE GEOGRÁFICO
Nombre geográfico Chile-
Subdivisión general Política y gobierno-
Subdivisión cronológica 1970-1973.
9 (RLIN) 8044
651 #4 - PUNTO DE ACCESO ADICIONAL DE MATERIA--NOMBRE GEOGRÁFICO
Nombre geográfico Chile-
Subdivisión general Política y gobierno-
Subdivisión cronológica 1973-1988.
9 (RLIN) 8045
830 0# - PUNTO DE ACCESO ADICIONAL DE SERIE-TÍTULO UNIFORME
Título uniforme Colección mínima ;
Designación de volumen o secuencia 65
9 (RLIN) 219498
852 ## - LOCALIZACIÓN
Ubicación ES-MaACL
Número de control de estantería E-8079
Holdings
Estatus retirado Estado de pérdida Estado de daño No para préstamo Biblioteca de origen Biblioteca actual Ubicación en estantería Fecha de adquisición Fuente de adquisición Total de préstamos Signatura topográfica completa Código de barras Visto por última vez Precio de reemplazo Tipo de ítem Koha
        Biblioteca del Ateneo de Madrid Biblioteca del Ateneo de Madrid Depósito 2 17/01/2008     E-8079 1136092 23/02/2023 23/02/2023 Libro impreso